000 01106nam a22002057a 4500
999 _c60193
_d60193
003 Ge_BSU
005 20230616121852.0
008 230616s1991 ge ||||| |||| 00| 0 geo d
041 _ageo
080 _a903.43(479.22) ზ-69
100 _aზაქარაია, პ.
_9305
245 _aციხეგოჯი-არქეოპოლისი-ნოქალაქევი ხუროთმოძღვრება /
_cპ. ზაქარაია, თ. კაპანაძე; საქ. მეცნ. აკად., არქეოლ. კომისია.
264 _aთბილისი :
_b მეცნიერება,
_c1991.
300 _a267 გვ. :
_b36 ფ. ილ. ;
_c27 სმ.
653 _aარქეოლოგიური გათხრები სამეგრელოში
653 _aნაქალაქარები საქართველოში
653 _aციხე-სიმაგრეების არქიტექტურა.
700 _aკაპანაძე, თ.
_eავტორი
_918766
942 _2udc
_cBK